Bloomberg Businessweek (Record no. 83154)

MARC details
000 -LEADER
fixed length control field 00247nam a22000977a 4500
005 - DATE AND TIME OF LATEST TRANSACTION
control field 20151001095804.0
008 - FIXED-LENGTH DATA ELEMENTS--GENERAL INFORMATION
fixed length control field 151001b xxu||||| |||| 00| 0 eng d
245 ## - TITLE STATEMENT
Title Bloomberg Businessweek
260 ## - PUBLICATION, DISTRIBUTION, ETC. (IMPRINT)
Place of publication, distribution, etc New York
Name of publisher, distributor, etc Bloomberg Businessweek
942 ## - ADDED ENTRY ELEMENTS (KOHA)
item type Journal

No items available.

University Library, CUSAT